MARC details
| 000 -LEADER |
| campo de control de longitud fija |
02771nam a2200373 i 4500 |
| 001 - NÚMERO DE CONTROL |
| campo de control |
193586 |
| 003 - IDENTIFICADOR DE NÚMERO DE CONTROL |
| campo de control |
ES-MaACL |
| 005 - FECHA Y HORA DE LA ÚLTIMA TRANSACCIÓN |
| campo de control |
20250719032147.0 |
| 007 - CAMPO FIJO DE DESCRIPCIÓN FÍSICA--INFORMACIÓN GENERAL |
| campo de control de longitud fija |
ta |
| 008 - DATOS DE LONGITUD FIJA--INFORMACIÓN GENERAL |
| campo de control de longitud fija |
240117b2022 sp ||||| |||| 00| 0 spa d |
| 020 ## - NÚMERO INTERNACIONAL ESTÁNDAR DEL LIBRO |
| Número Internacional Estándar del Libro |
9798838120366 |
| 040 ## - FUENTE DE CATALOGACIÓN |
| Lengua de catalogación |
spa |
| Centro/agencia transcriptor |
ES-MaACL |
| 080 ## - NÚMERO DE LA CLASIFICACIÓN DECIMAL UNIVERSAL |
| Número de la Clasificación Decimal Universal |
821.134.2(729.5) Hostos, Eugenio María de 1.07 |
| 100 1# - ENTRADA PRINCIPAL--NOMBRE DE PERSONA |
| 9 (RLIN) |
234895 |
| Nombre de persona |
Santiago, Anamín |
| Término indicativo de función/relación |
Autor |
| 245 10 - MENCIÓN DEL TÍTULO |
| Título |
Eugenio María de Hostos : |
| Resto del título |
praxis teatral / |
| Mención de responsabilidad, etc. |
Anamín Santiago |
| 264 ## - PRODUCCIÓN, PUBLICACIÓN, DISTRIBUCIÓN, FABRICACIÓN Y COPYRIGHT |
| Producción, publicación, distribución, fabricación y copyright |
Río Grande, Puerto Rico : |
| Nombre del de productor, editor, distribuidor, fabricante |
La Casa Editora, |
| Fecha de producción, publicación, distribución, fabricación o copyright |
2022 |
| 300 ## - DESCRIPCIÓN FÍSICA |
| Extensión |
395 páginas ; |
| Dimensiones |
23 cm |
| 336 ## - TIPO DE CONTENIDO |
| Fuente |
rdacontent |
| Término de tipo de contenido |
Texto |
| 337 ## - TIPO DE MEDIO |
| Fuente |
rdamedia |
| Nombre/término del tipo de medio |
sin mediación |
| 338 ## - TIPO DE SOPORTE |
| Fuente |
rdacarrier |
| Nombre/término del tipo de soporte |
volumen |
| 490 0# - MENCIÓN DE SERIE |
| Mención de serie |
Ensayo |
| 500 ## - NOTA GENERAL |
| Nota general |
Índice |
| 504 ## - NOTA DE BIBLIOGRAFÍA, ETC. |
| Nota de bibliografía, etc. |
Bibliografía: páginas 383-391 |
| 520 ## - RESUMEN, ETC. |
| Sumario, etc. |
Todo comenzó cuando, perpleja, leí lo siguiente en el diario primero del joven Hostos: “¿Beneficios de esa proposición? El inmediato, sacarme de Europa, librarme de la lucha con el hambre vergonzante, y llevarme de paso a Puerto Rico, y concederme un mes de olvido y esperanzas, y situarme en mi teatro, en esa América, a cuyo porvenir he consagrado el mío.” (Diario I, 175) Desde esta frase “situarme en mi teatro, en esa América” armaré su propuesta para un teatro antillano. Se estudiarán los textos “¡Sitio! Monólogo de un sediento”, Diario 1866-1869, “La Cuarterona”, Romeo y Julieta, Hamlet, ensayo crítico, “Rossi en Hamlet”, “Un drama de L. A. Baralt”, “De teatro nacional”, “De teatro”, “El 18 del proscripto, monólogo”, “Monólogo (27 de febrero)” y sus piezas dramáticas: “Loa a mamá”, “El cumpleaños”, “¿Quién preside?” y “La llegada de la guagua” (todos pueden leerse en sus respectivas discusiones o como anejos). También entrarán en juego: “La moral y la literatura-la dramática”, Diario II, “El horizonte de Santo Domingo” y “Quisqueya, su sociedad y algunos de sus hijos”, junto a algunas cartas. Son muchos más los materiales que deben revisarse. De hecho, aprovecho para agradecer a los grupos compiladores, sin su monumental trabajo no hubiera sido posible esta investigación ni ninguna otra. |
| 600 14 - PUNTO DE ACCESO ADICIONAL DE MATERIA--NOMBRE DE PERSONA |
| Nombre de persona |
Hostos, Eugenio María de, |
| Fechas asociadas al nombre |
1839-1903- |
| Subdivisión general |
Crítica e interpretación |
| 9 (RLIN) |
64304 |
| 852 ## - LOCALIZACIÓN |
| Ubicación |
ES-MaACL |
| Sublocalización o colección |
R. 154935 |
| Ubicación en estantería |
Depósito J |
| Número de control de estantería |
N-9592 |
| Donativo/Legado |
Donación: Anamín Santiago |
| Encuadernación |
Encuadernación rústica |
| Anotaciones manuscritas |
Dedicatoria autógrafa de la autora |
| itemnumber |
201048 |
| 903 ## - NOMBRE PERSONAL DE DONANTE |
| 9 |
234895 |
| a |
Santiago, Anamín |
| e |
Donante |
| 942 ## - ELEMENTOS DE ENTRADA SECUNDARIOS (KOHA) |
| Suprimir en OPAC |
No |
| Tipo de ítem Koha |
Libro impreso |